Statystyki dla Państwa Australii i Oceanii

Kliknij tutaj aby rozwiązać quiz!

Ogólne statystyki

  • Ten quiz został rozwiązany 74 razy
  • Średni wynik to 8 z 14

Odpowiedzi na mapie

Odpowiedzi skodowane kolorowo w zielono-czerwonej skali na mapie do tego quizu, zgodnie z poniższymi procentami.
 

Statystyki odpowiedzi

Odpowiedź% Poprawnych
Australia
90%
Nowa Zelandia
83%
Papua-Nowa Gwinea
73%
Kiribati
70%
Mikronezja
60%
Fidżi
53%
Wyspy Salomona
50%
Samoa
47%
Tuvalu
47%
Vanuatu
47%
Nauru
43%
Palau
43%
Wyspy Marshalla
43%
Tonga
27%

Rozkład punktacji

Percentyl według liczby udzielonych odpowiedzi

Procent ludzi z każdym wynikiem

Twoja historia wyników

Nie rozwiązałeś tego quizu